[Event "HUN-ch U16"]
[Site "Balatonlelle"]
[Date "2019.06.21"]
[Round "1"]
[White "Karacsonyi, Gellert"]
[Black "Magold, Victor"]
[Result "1-0"]
[WhiteElo "2304"]
[BlackElo "1968"]
[PlyCount "49"]
[EventDate "2019.06.21"]
[EventType "swiss"]
[EventRounds "9"]
[EventCountry "HUN"]
[SourceTitle "CBM 191 Extra"]
[Source "ChessBase"]
[SourceDate "2019.09.30"]
[SourceVersion "1"]
[SourceVersionDate "2019.09.30"]
[SourceQuality "1"]

1. e4 c5 2. Nf3 e6 3. d4 cxd4 4. Nxd4 a6 5. Nc3 Qc7 6. a3 Nf6 7. f4 Nc6 8. Be3 d6 9. Qf3 Be7 10. 0-0-0 0-0 11. Nxc6 bxc6 12. g4 d5 13. Bd4 dxe4 14. Nxe4 Nd5 15. Be5 Qb6 16. g5 Bb7 17. Rd3 f6 18. gxf6 Bxf6 19. Nxf6+ Nxf6 20. Rb3 Qa7 21. Bc4 Rae8 22. Qg2 Ba8 23. Rg1 c5 24. Qg5 Qe7 25. Bd6 1-0

[Event "ROM-ch U16"]
[Site "Calimanesti Caciulata"]
[Date "2019.04.22"]
[Round "9"]
[White "Balan, Bogdan"]
[Black "Magold, Victor"]
[Result "1-0"]
[WhiteElo "2074"]
[BlackElo "1951"]
[PlyCount "89"]
[EventDate "2019.04.15"]
[EventType "swiss"]
[EventRounds "9"]
[EventCountry "ROU"]
[SourceTitle "CBM 190 Extra"]
[Source "ChessBase"]
[SourceDate "2019.07.15"]
[SourceVersion "1"]
[SourceVersionDate "2019.07.15"]
[SourceQuality "1"]

1. d4 d6 2. c4 g6 3. Nc3 Bg7 4. e4 Nd7 5. Be3 e5 6. d5 Ne7 7. Bd3 0-0 8. Nge2 f5 9. f3 Nf6 10. 0-0 f4 11. Bf2 g5 12. h3 h5 13. Nc1 g4 14. hxg4 hxg4 15. fxg4 Nxg4 16. Be2 Nxf2 17. Rxf2 Ng6 18. Bg4 Qg5 19. Bxc8 Raxc8 20. Qd2 Bf6 21. Nd3 Rf7 22. Kf1 Rh7 23. Ke1 Qg4 24. Qe2 Rh1+ 25. Rf1 Qg3+ 26. Kd2 Rh2 27. Ne1 Nh4 28. Rf2 Rf8 29. Nd1 Bg5 30. Kc2 f3 31. gxf3 Nxf3 32. Nxf3 Rxf2 33. Qxf2 Qg4 34. Nc3 Rxf3 35. Qxa7 Qg2+ 36. Kb3 Rf2 37. Qb8+ Kf7 38. Qxc7+ Be7 39. Rb1 Qh3 40. Qxb7 Rf4 41. Re1 Qg3 42. Rh1 Qg6 43. a4 Rf3 44. Qd7 Rf2 45. Rh8 1-0

[Event "ROM-ch U16"]
[Site "Calimanesti Caciulata"]
[Date "2019.04.19"]
[Round "6"]
[White "Mintau, Andrei Catalin"]
[Black "Magold, Victor"]
[Result "1/2-1/2"]
[WhiteElo "2011"]
[BlackElo "1951"]
[PlyCount "100"]
[EventDate "2019.04.15"]
[EventType "swiss"]
[EventRounds "9"]
[EventCountry "ROU"]
[SourceTitle "CBM 190 Extra"]
[Source "ChessBase"]
[SourceDate "2019.07.15"]
[SourceVersion "1"]
[SourceVersionDate "2019.07.15"]
[SourceQuality "1"]

1. e4 c5 2. Nf3 e6 3. d4 cxd4 4. Nxd4 a6 5. Nc3 Qc7 6. g3 Nf6 7. Bg2 d6 8. 0-0 Be7 9. f4 Nc6 10. Nxc6 bxc6 11. g4 e5 12. f5 h6 13. Be3 Bb7 14. h3 0-0 15. Qd2 Nh7 16. Na4 Bg5 17. Bxg5 hxg5 18. c4 Rfd8 19. Rad1 c5 20. Nc3 Rab8 21. Rf3 Kf8 22. Rd3 Ke7 23. Ne2 Bc6 24. Ng3 g6 25. Rf1 Be8 26. Ne2 Kd7 27. Nc3 Kc6 28. Bf3 Kb7 29. Bd1 Ka7 30. Bb3 gxf5 31. Nd5 Qb7 32. Rxf5 Bc6 33. Nc3 Bxe4 34. Nxe4 Qxe4 35. Rxf7+ Rb7 36. Rxb7+ Kxb7 37. Bc2 Qxc4 38. Rb3+ Kc7 39. Bxh7 Rf8 40. Bf5 Qd4+ 41. Qxd4 cxd4 42. Kf2 d5 43. Ke2 Rh8 44. Ra3 Rb8 45. Rb3 Rxb3 46. axb3 a5 47. Kd3 Kd6 48. Bg6 Ke7 49. Bh7 Kd6 50. Bf5 Ke7 1/2-1/2

[Event "ROM-ch U16"]
[Site "Calimanesti Caciulata"]
[Date "2019.04.17"]
[Round "3"]
[White "Magold, Victor"]
[Black "Secrieru, Andrei Cristian"]
[Result "1/2-1/2"]
[WhiteElo "1951"]
[BlackElo "1934"]
[PlyCount "53"]
[EventDate "2019.04.15"]
[EventType "swiss"]
[EventRounds "9"]
[EventCountry "ROU"]
[SourceTitle "CBM 190 Extra"]
[Source "ChessBase"]
[SourceDate "2019.07.15"]
[SourceVersion "1"]
[SourceVersionDate "2019.07.15"]
[SourceQuality "1"]

1. d4 Nf6 2. c4 e6 3. Nf3 d5 4. Nc3 Be7 5. cxd5 exd5 6. g3 0-0 7. Bg2 b6 8. 0-0 Bb7 9. Bf4 c6 10. Rc1 Nbd7 11. a3 Rc8 12. Ne5 Nxe5 13. Bxe5 Nd7 14. Bf4 Bg5 15. Bxg5 Qxg5 16. Qa4 a6 17. e3 Rfd8 18. b4 c5 19. bxc5 bxc5 20. Qb3 cxd4 21. exd4 Ba8 22. Ne2 Qd2 23. Rxc8 Rxc8 24. Nf4 Qxd4 25. Nxd5 Rb8 26. Rc1 g6 27. Qd1 1/2-1/2